Îles échangées quiz - Statistiques

Statistiques générales
  • Ce quiz a été pris 204 fois
  • Le résultat moyen est 14 sur 16
Réponses sur la Carte
Les réponses sont colorées sur une échelle allant du rouge au vert en fonction du pourcentage des utilisateurs qui les ont devinées à leur premier essai. Vous pouvez retrouver ces pourcentages ci-dessous.
 
Statistiques - réponses
Country % Correct
Nouvelle-Zélande
94%
Madagascar
93%
Cap-Vert
92%
Haiti
92%
République dominicaine
92%
Philippines
91%
Islande
89%
Sri Lanka
89%
Cuba
88%
Irlande
88%
Bahamas
87%
Japon
85%
Maldives
85%
Taiwan
84%
Kiribati
80%
Maurice
74%
Aucun quiz correspondant
Distribution des résultats
% des personnes avec chaque résultat
Percentile par nombre de réponses
Votre historique - résultats
Vous n’avez pas pris ce quiz